Jegyzőválasztás
Správa o voľbách na miesto obvodného notára v obci Ohradzany v októbri 1908. Miesto bolo uvoľnené po odchode notára [Antona Gojdicsa] do dôchodku.
| Médium: | Článok |
|---|---|
| Jazyk: | Hungarian |
| Témy: | |
| Zdroj: |
1. Felvidéki Hirlap : Közgazdasági, társadalmi és szépirodalmi hetilap 1. Roč. 1, č. 31 (11.10.1908) s. 3 |
| LEADER | 00926nab#a2200301#ar4500 | ||
|---|---|---|---|
| 001 | 000072983 | ||
| 003 | SVKKK | ||
| 005 | 20030605xxxxxxx. | ||
| 008 | 06 c xo huno | ||
| FMT | |||
| 038 | |a SVKKK | ||
| 040 | |a SVKKK |b slo |e AACR2 | ||
| 041 | 0 | |a hun | |
| 044 | |a xo |c SK | ||
| 080 | |a 347.961 | ||
| 242 | 1 | 0 | |a Voľby notára |
| 245 | 0 | 0 | |a Jegyzőválasztás |
| 500 | |a mikrofilm | ||
| 520 | 2 | |a Správa o voľbách na miesto obvodného notára v obci Ohradzany v októbri 1908. Miesto bolo uvoľnené po odchode notára [Antona Gojdicsa] do dôchodku. | |
| 650 | 0 | 4 | |a notár obvodný (funkcia) - notariát, Ohradzany - voľby - október 1908 - správy |
| 773 | 0 | |t Felvidéki Hirlap : Közgazdasági, társadalmi és szépirodalmi hetilap |g Roč. 1, č. 31 (11.10.1908) s. 3 | |
| 957 | |a Ohradzany | ||
| 958 | |a DG | ||
| 958 | |a SK | ||
| 974 | |a Ba |d 20030605 | ||
| 992 | |a RBX | ||
| BAS | |||
| 998 | |a RETRO | ||